| 000 | 00347nam a22001457a 4500 | ||
|---|---|---|---|
| 008 | 240126b ||||| |||| 00| 0 eng d | ||
| 020 | _a9780072476903 | ||
| 041 | _aeng | ||
| 080 |
_2FOURTH EDITION _a101 |
||
| 082 | _a101RAC | ||
| 100 | _a44 | ||
| 101 | _aFILOZO | ||
| 245 |
_aTHE ELEMENTS OF MORAL PHILOSOPHY _cJAMES RACHELS |
||
| 942 |
_2udc _cBK |
||
| 999 |
_c60551 _d60551 |
||